Online katalóg knižníc regiónu Turca

Napriek všetkým nástrahám (Record no. 22190)

MARC details
000 -LEADER
fixed length control field 01816cam a2200493 4500
001 - CONTROL NUMBER
control field 22190
003 - CONTROL NUMBER IDENTIFIER
control field VRT
005 - DATE AND TIME OF LATEST TRANSACTION
control field 20260321122928.0
008 - FIXED-LENGTH DATA ELEMENTS--GENERAL INFORMATION
fixed length control field 210624s2019 xo gr 000 f slo
015 ## - NATIONAL BIBLIOGRAPHY NUMBER
National bibliography number SNBA2019/03
020 ## - INTERNATIONAL STANDARD BOOK NUMBER
International Standard Book Number 9788055165622
Qualifying information (viazané)
035 ## - SYSTEM CONTROL NUMBER
System control number 6032CCDA-E944-4FD2-A271-C52C943026B7
035 ## - SYSTEM CONTROL NUMBER
System control number urn:nbn:sk:snk-am3id0h
035 ## - SYSTEM CONTROL NUMBER
System control number urn:nbn:sk:snk-am00e3wv
039 #9 - LEVEL OF BIBLIOGRAPHIC CONTROL AND CODING DETAIL [OBSOLETE]
Level of rules in bibliographic description 202112131247
Level of effort used to assign nonsubject heading access points AUTHORITY
Level of effort used to assign subject headings 202112131243
Level of effort used to assign classification AUTHORITY
Level of effort used to assign subject headings 202112131242
Level of effort used to assign classification AUTHORITY
Level of effort used to assign subject headings 202106241142
Level of effort used to assign classification VLOAD
040 ## - CATALOGING SOURCE
Original cataloging agency SNK
Language of cataloging slo
Transcribing agency SNK
Description conventions rda
041 1# - LANGUAGE CODE
Language code of text/sound track or separate title slo
Language code of original eng
044 ## - COUNTRY OF PUBLISHING/PRODUCING ENTITY CODE
MARC country code xo
ISO country code SK
072 #7 - SUBJECT CATEGORY CODE
Subject category code 821.111(73)-3
Subject category code subdivision Americká próza
Source konspekt
080 ## - UNIVERSAL DECIMAL CLASSIFICATION NUMBER
Universal Decimal Classification number 821.111(73)-31
Edition identifier 2011
080 ## - UNIVERSAL DECIMAL CLASSIFICATION NUMBER
Universal Decimal Classification number (0:82-312.5)
Edition identifier 2011
100 1# - MAIN ENTRY--PERSONAL NAME
Personal name Steel, Danielle,
Dates associated with a name 1947-
Relationship aut
240 10 - UNIFORM TITLE
Uniform title Against All Odds
Language of a work Slovensky
245 10 - TITLE STATEMENT
Title Napriek všetkým nástrahám
Statement of responsibility, etc. Danielle Steel ; preložila Adriana Sýkorčinová
264 #1 - PRODUCTION, PUBLICATION, DISTRIBUTION, MANUFACTURE, AND COPYRIGHT NOTICE
Place of production, publication, distribution, manufacture Bratislava
Name of producer, publisher, distributor, manufacturer Ikar
Date of production, publication, distribution, manufacture, or copyright notice 2019
300 ## - PHYSICAL DESCRIPTION
Extent 331 strán
Dimensions 21 cm
336 ## - CONTENT TYPE
Content type term text
Content type code txt
Source rdacontent
337 ## - MEDIA TYPE
Media type term bez média
Media type code n
Source rdamedia
338 ## - CARRIER TYPE
Carrier type term zväzok
Carrier type code nc
Source rdacarrier
500 ## - GENERAL NOTE
General note Preložené z angličtiny
500 ## - GENERAL NOTE
General note Obsahuje biografické údaje o autorke na prebale publikácie
655 #7 - INDEX TERM--GENRE/FORM
Genre/form data or focus term americké romány
Source of term SNKPH
655 #7 - INDEX TERM--GENRE/FORM
Genre/form data or focus term ľúbostné romány
Source of term SNKPH
655 #7 - INDEX TERM--GENRE/FORM
Genre/form data or focus term American novels
Source of term SNKPHeng
655 #7 - INDEX TERM--GENRE/FORM
Genre/form data or focus term Love novels
Source of term SNKPHeng
700 1# - ADDED ENTRY--PERSONAL NAME
Personal name Sýkorčinová, Adriana
Relationship trl
942 ## - ADDED ENTRY ELEMENTS (KOHA)
Source of classification or shelving scheme Dewey Decimal Classification
Koha item type Krásna literatúra pre dospelých
Suppress in OPAC No
949 ## - LOCAL PROCESSING INFORMATION (OCLC)
6 2889345855
a savukPV 27739
b savuk2019/876
949 ## - LOCAL PROCESSING INFORMATION (OCLC)
6 270001000601294
a svkbbA 156914
b svkbbm 782327
949 ## - LOCAL PROCESSING INFORMATION (OCLC)
6 17A1361199
a snkSC 183173
b snk2019/6776
o 635/19
s 6100:20190325
949 ## - LOCAL PROCESSING INFORMATION (OCLC)
6 17A1364158
a snkSC 183173 D1
b snk2019/11533
o 635/19
949 ## - LOCAL PROCESSING INFORMATION (OCLC)
6 273K0640826
a svkpoA 241558
b svkpo634533
Holdings
Stav vyradenia Strata Poškodenie Spôsob nadobudnutia Domovská knižnica Aktuálna knižnica Dátum nadobudnutia Cena Total checkouts Čiarový kód exemplára Date last seen Typ exemplára
      Kúpa Obecná knižnica Horná Štubňa Obecná knižnica Horná Štubňa 21.03.2026 12.90   9788055165622 21.03.2026 Krásna literatúra pre dospelých
Projekt je podporený Slovenskou asociáciou knižníc
Prevádzkuje Turčianska knižnica Martin 2026